000 01320cam a22001934a 4500
005 20250605164106.0
008 250528s ||||||||||||||||||||||||d
035 _a17756
020 _a9789605465049
040 _aGR-AtMCL
_bgre
_dGR-AtMCL
_eAACR2
245 1 _aΗ Ψυχολογία των Αγορών / Παρεμβάσεις πριν και μετά την Πρόσφατη Χρηματοπιστωτική Κρίση
260 _bΠεδίο,
_c2015
300 _a374
520 _aΤο παρόν βιβλίο καταγράφει με τον καλύτερο τρόπο την επίδραση της ψυχολογίας στις αγορές μέσα από συγκεκριμένες παρεμβάσεις και παραδείγματα από την Ελληνική και Διεθνή Πραγματικότητα. Πρόλογος, Ευχαριστίες, Εισαγωγή, Η Ψυχολογική Προσέγγιση των Αγορών, Παρεμβάσεις πριν την Κρίση, Παρεμβάσεις στη Διάρκεια της Κρίσης, Το Μέλλον της Ελλάδας και της Ευρώπης και του Πλανήτη, Βιβλιογραφία.
700 1 _aΦίλιππας Νικόλαος Δ
_93961
942 _cBK
999 _c3157
_d3157